Územná samospráva a tretí sektor ako aktéri miestnych verejných služieb dizertačná práca

Salvato in:
Dettagli Bibliografici
Autore principale: Maštalír, Martin
Ente Autore: Národohospodárska fakulta EU. Katedra verejnej správy a regionálneho rozvoja
Altri autori: Žárska, Elena, 1955-
Natura: Libro
Lingua:slovacco
Pubblicazione: Bratislava 2012
Soggetti:
Tags: Aggiungi Tag
Nessun Tag, puoi essere il primo ad aggiungerne!!

MARC

LEADER 00000nbm a2200000 4500
001 0161625
005 20240502072813.8
041 0 |a slo 
044 |a SK 
245 1 0 |a Územná samospráva a tretí sektor ako aktéri miestnych verejných služieb  |b dizertačná práca  |c Martin Maštalír ; školiteľ: Elena Žárska 
264 1 |a Bratislava  |c 2012 
300 |a 125 s. 
610 2 0 |a samospráva regionálna 
610 2 0 |a služby 
610 2 0 |a služby verejné 
610 2 0 |a sektor terciárny 
100 1 |a Maštalír, Martin 
700 1 |a Žárska, Elena, 1955- 
710 2 |a Národohospodárska fakulta EU. Katedra verejnej správy a regionálneho rozvoja